| 000 | 00437nam a2200157Ia 4500 | ||
|---|---|---|---|
| 008 | 210210b1985 xxu||||| |||| 00| 0 eng d | ||
| 082 | _a658 MOOO | ||
| 100 | _aMOOKERJEE (S S). | ||
| 245 | _aOrganisation and management: theory and practice of management. Ed 2. | ||
| 250 | _a | ||
| 260 |
_aDelhi. _bSurjeet Publications, _c1985 |
||
| 300 | _axii,440 | ||
| 650 | _aOrganisation Management | ||
| 690 | _aManagement | ||
| 906 | _a042634 | ||
| 999 |
_c92511 _d92511 |
||